000 00674nam a22002417a 4500
003 UA-OsUOA
001 20588
007 ta
008 20031101b un ||||| |||| 00| 0 ukr d
100 _aКук фредерик Альберт
090 _a913(9)
_bК89
942 _cBK
040 _aUA-OsUOA
_brus
_cUA-OsUOA
_dUA-OsUOA
245 _aМоё обретение Полюса
_cПер. В.С.КорякинРец. А.В.ШумиловХуд. В.А.Крючков
300 _a348 с.
_bІлюстрації
955 _a0
041 _arus
080 _a913(9)
260 _aМосква
_bМысль
_c1987
044 _aRU
650 7 _2UDC
999 _c306768
_d306768